Fair rent and legal fiction: Housing rent legalisation in a capatislist society (Record no. 210827)

MARC details
000 -LEADER
fixed length control field 00426nam a2200157Ia 4500
008 - FIXED-LENGTH DATA ELEMENTS--GENERAL INFORMATION
fixed length control field 230917s9999||||xx |||||||||||||| ||und||
020 ## - ISBN
Price PON8.95
040 ## - CATALOGING SOURCE
-- 20002
Original cataloging agency VIVEKANANDA LIBRARY
041 ## - Language
-- English
082 ## - DDC NUMBER
Classification number 301.54 B396F
100 ## - MAIN ENTRY--PERSONAL NAME
Personal name Beirne, Piers
245 #0 - TITLE STATEMENT
Title Fair rent and legal fiction: Housing rent legalisation in a capatislist society
260 ## - PUBLICATION, DISTRIBUTION, ETC. (IMPRINT)
Place of publication, distribution, etc London
Name of publisher, distributor, etc Macmillan
Date of publication, distribution, etc 1977
300 ## - PHYSICAL DESCRIPTION
Pages x, 241 p.
942 ## - ADDED ENTRY ELEMENTS (KOHA)
Koha item type Books
Holdings
Withdrawn status Lost status Damaged status Not for loan Location (home branch) Sublocation or collection (holding branch) Date acquired Koha issues (times borrowed) Koha full call number Accession No. Koha date last seen Koha item type
        VIVEKANANDA LIBRARY VIVEKANANDA LIBRARY 08/08/2002   301.54 B396F 73606 17/09/2023 Books
© Designed and Maintained by Vivekananda Library, MDU Rohtak